[Event "FICGS rapid M 000119 email"]
[Site "FICGS email"]
[Date "2020.09.24"]
[Round "1"]
[White "Hallqvist, Niklas"]
[Black "Satonnet, Patrick"]
[Result "1-0"]
[WhiteElo "2109"]
[BlackElo "2102"]
[PlyCount "21"]
[EventDate "2020.??.??"]
[EventType "tourn (rapid)"]
[EventRounds "6"]
[SourceTitle "Corr 2022"]
[Source "ChessBase"]
[SourceDate "2021.10.24"]
[SourceVersion "1"]
[SourceVersionDate "2021.10.24"]
[SourceQuality "1"]

1. c4 Nf6 2. g3 g6 3. Bg2 Bg7 4. Nc3 0-0 5. Nf3 c6 6. 0-0 d5 7. cxd5 cxd5 8. d4 e6 9. Bf4 Nc6 10. Rc1 Bd7 11. Bd6 1-0

[Event "FICGS rapid M 000119 email"]
[Site "FICGS email"]
[Date "2020.09.24"]
[Round "1"]
[White "Satonnet, Patrick"]
[Black "Maceda, Coco"]
[Result "0-1"]
[WhiteElo "2102"]
[BlackElo "2134"]
[PlyCount "32"]
[EventDate "2020.??.??"]
[EventType "tourn (rapid)"]
[EventRounds "6"]
[SourceTitle "Corr 2022"]
[Source "ChessBase"]
[SourceDate "2021.10.24"]
[SourceVersion "1"]
[SourceVersionDate "2021.10.24"]
[SourceQuality "1"]

1. e4 c5 2. Nf3 d6 3. d4 cxd4 4. Nxd4 Nf6 5. Nc3 a6 6. Bg5 e6 7. f4 Qb6 8. Qd2 Qxb2 9. Rb1 Qa3 10. e5 h6 11. Bh4 dxe5 12. fxe5 g5 13. exf6 gxh4 14. Ne4 Qxa2 15. Rd1 Bd7 16. Be2 Qd5 0-1

[Event "Europe Echecs online op April"]
[Site "Europe Echecs INT"]
[Date "2020.04.11"]
[Round "9"]
[White "Navarro, Pedro"]
[Black "Satonnet, Patrick"]
[Result "1-0"]
[WhiteElo "2008"]
[BlackElo "1817"]
[PlyCount "27"]
[EventDate "2020.04.11"]
[EventType "swiss (blitz)"]
[EventRounds "11"]
[EventCountry "FRA"]
[SourceTitle "EXT 2021"]
[Source "ChessBase"]
[SourceDate "2020.10.23"]
[SourceVersion "1"]
[SourceVersionDate "2020.10.23"]
[SourceQuality "1"]

1. d4 Nf6 2. Nf3 g6 3. Nc3 Bg7 4. e4 d6 5. h3 0-0 6. Be3 Re8 7. Bc4 c6 8. a4 Rf8 9. a5 Nbd7 10. e5 dxe5 11. dxe5 Ne8 12. e6 fxe6 13. Ng5 Ndf6 14. Qxd8 1-0

[Event "Europe Echecs online op April"]
[Site "Europe Echecs INT"]
[Date "2020.04.11"]
[Round "2"]
[White "Satonnet, Patrick"]
[Black "Degraeve, Remy"]
[Result "0-1"]
[WhiteElo "1817"]
[BlackElo "2335"]
[PlyCount "46"]
[EventDate "2020.04.11"]
[EventType "swiss (blitz)"]
[EventRounds "11"]
[EventCountry "FRA"]
[SourceTitle "EXT 2021"]
[Source "ChessBase"]
[SourceDate "2020.10.23"]
[SourceVersion "1"]
[SourceVersionDate "2020.10.23"]
[SourceQuality "1"]

1. e4 e5 2. Nf3 Nc6 3. Bb5 a6 4. Bxc6 dxc6 5. 0-0 Bd6 6. d4 exd4 7. Qxd4 f6 8. e5 fxe5 9. Nxe5 Nf6 10. Nc3 0-0 11. Nf3 Bg4 12. Be3 Bxf3 13. gxf3 Kh8 14. Rad1 Qe8 15. Ne4 Be5 16. Qb4 Nxe4 17. Qxe4 Qh5 18. f4 Qg4+ 19. Kh1 Bxf4 20. Bxf4 Rxf4 21. Qg2 Qf5 22. Rd2 Rf8 23. c3 Rg4 0-1

[Event "FICGS class C 000276 email"]
[Site "FICGS email"]
[Date "2020.01.06"]
[Round "1"]
[White "Gossmann, Ewald J"]
[Black "Satonnet, Patrick"]
[Result "1/2-1/2"]
[WhiteElo "1897"]
[BlackElo "1939"]
[PlyCount "122"]
[EventDate "2020.??.??"]
[EventType "tourn (corr)"]
[EventRounds "4"]
[SourceTitle "Corr 2022"]
[Source "ChessBase"]
[SourceDate "2021.10.24"]
[SourceVersion "1"]
[SourceVersionDate "2021.10.24"]
[SourceQuality "1"]

1. d4 f5 2. g3 Nf6 3. Nf3 g6 4. Bg2 Bg7 5. 0-0 0-0 6. c4 d6 7. Nc3 c6 8. Qc2 Na6 9. Re1 Qc7 10. c5 dxc5 11. Bf4 Qa5 12. e3 Be6 13. Rad1 Nb4 14. Qd2 Ne4 15. Nxe4 fxe4 16. Ne5 Bxa2 17. Bxe4 Qb5 18. Nd7 Rfe8 19. Be5 Rad8 20. Bxg7 Rxd7 21. Be5 Be6 22. Qc3 c4 23. Bb1 Nd5 24. Qc1 Nf6 25. f3 c5 26. e4 cxd4 27. Bxd4 Red8 28. Qe3 Qa5 29. Bc3 Qb6 30. Qxb6 axb6 31. Bc2 Rxd1 32. Rxd1 Rxd1+ 33. Bxd1 b5 34. Kf2 Nd7 35. f4 Nb8 36. Ke3 Nc6 37. Be2 b4 38. Bd2 b5 39. Bf3 Kf8 40. h4 h5 41. f5 Bf7 42. fxg6 Bxg6 43. g4 hxg4 44. Bxg4 Be8 45. Kf4 b3 46. e5 Bg6 47. h5 Bd3 48. Bd7 Nd4 49. Bc8 Kf7 50. Ba6 Ke6 51. Bc8+ Kf7 52. Ba6 Ke6 53. h6 Kf7 54. Ke3 Nc2+ 55. Kf2 b4 56. Bc1 e6 57. Bd2 Kg6 58. Bb5 Kh7 59. Ba6 Kg6 60. Bb5 Kh7 61. Ba6 Kg6 1/2-1/2

[Event "FICGS rapid B 000332 email"]
[Site "FICGS email"]
[Date "2019.12.26"]
[Round "1"]
[White "Satonnet, Patrick"]
[Black "Vollmer, Steve"]
[Result "1-0"]
[WhiteElo "1896"]
[BlackElo "1721"]
[PlyCount "47"]
[EventDate "2019.??.??"]
[EventType "tourn (rapid)"]
[EventRounds "6"]
[SourceTitle "Corr 2022"]
[Source "ChessBase"]
[SourceDate "2021.10.24"]
[SourceVersion "1"]
[SourceVersionDate "2021.10.24"]
[SourceQuality "1"]

1. e4 e5 2. Nf3 Nc6 3. Bb5 a6 4. Bxc6 dxc6 5. 0-0 Nf6 6. Nxe5 Bd6 7. Nf3 Bg4 8. e5 Bxe5 9. Qe1 0-0 10. Nxe5 Re8 11. f4 Bf5 12. d3 Ng4 13. Qg3 Qd4+ 14. Kh1 Nf6 15. Nc3 Rad8 16. Bd2 h6 17. Rae1 Nd5 18. Nf3 Qb6 19. b3 Qc5 20. Ne4 Bxe4 21. dxe4 Nb4 22. Bxb4 Qxb4 23. e5 Qc3 24. f5 1-0

[Event "FICGS class C 000316 email"]
[Site "FICGS email"]
[Date "2019.12.25"]
[Round "1"]
[White "Satonnet, Patrick"]
[Black "Cleto, Dirceu Jr"]
[Result "1/2-1/2"]
[WhiteElo "1896"]
[BlackElo "2088"]
[PlyCount "66"]
[EventDate "2019.??.??"]
[EventType "tourn (corr)"]
[EventRounds "1"]
[SourceTitle "Corr 2022"]
[Source "ChessBase"]
[SourceDate "2021.10.24"]
[SourceVersion "1"]
[SourceVersionDate "2021.10.24"]
[SourceQuality "1"]

1. e4 e6 2. d4 d5 3. e5 c5 4. c3 Qb6 5. Nf3 Bd7 6. a3 Bb5 7. b4 cxd4 8. cxd4 Bxf1 9. Kxf1 Nd7 10. g3 Qa6+ 11. Qe2 Qxe2+ 12. Kxe2 Ne7 13. Nc3 a6 14. b5 Nb6 15. a4 Kd7 16. Be3 a5 17. Nd1 Nf5 18. Bd2 Nc4 19. Ne3 Nfxe3 20. Bxe3 Bb4 21. Nd2 Na3 22. Nb3 b6 23. h4 Nc2 24. Ra2 Rac8 25. Rc1 Na3 26. Raa1 h5 27. Rxc8 Rxc8 28. Rc1 Nc2 29. Nc5+ bxc5 30. Rxc2 c4 31. Bg5 Kc7 32. Bd2 Kb6 33. Bf4 Ba3 1/2-1/2

[Event "FICGS class C 000316 email"]
[Site "FICGS email"]
[Date "2019.12.25"]
[Round "1"]
[White "Satonnet, Patrick"]
[Black "Ward, David"]
[Result "1-0"]
[WhiteElo "1896"]
[BlackElo "2079"]
[PlyCount "69"]
[EventDate "2019.??.??"]
[EventType "tourn (corr)"]
[EventRounds "1"]
[SourceTitle "Corr 2022"]
[Source "ChessBase"]
[SourceDate "2021.10.24"]
[SourceVersion "1"]
[SourceVersionDate "2021.10.24"]
[SourceQuality "1"]

1. e4 e5 2. Nf3 Nc6 3. Bb5 a6 4. Bxc6 dxc6 5. 0-0 f6 6. d4 exd4 7. Nxd4 c5 8. Ne2 Qxd1 9. Rxd1 Bd6 10. Bf4 Bxf4 11. Nxf4 Ne7 12. Nc3 Bd7 13. Rd2 0-0-0 14. Rad1 Nc6 15. Nfd5 Rhe8 16. Na4 c4 17. f3 Be6 18. Kf2 b5 19. Nc5 Bxd5 20. exd5 Nb8 21. Ne6 Rd7 22. b3 cxb3 23. axb3 g6 24. c4 c6 25. Nc5 Rdd8 26. Ra1 cxd5 27. cxd5 Rd6 28. Rc1 Re7 29. Ne4+ Kd7 30. Nxd6 Kxd6 31. Rc8 Nd7 32. Rc6+ Ke5 33. Rxa6 Nc5 34. d6 Rd7 35. Rb6 1-0

[Event "FICGS class C 000315 email"]
[Site "FICGS email"]
[Date "2019.12.11"]
[Round "1"]
[White "Cleto, Dirceu Jr"]
[Black "Satonnet, Patrick"]
[Result "1-0"]
[WhiteElo "2088"]
[BlackElo "1896"]
[PlyCount "65"]
[EventDate "2019.??.??"]
[EventType "tourn (corr)"]
[EventRounds "1"]
[SourceTitle "Corr 2022"]
[Source "ChessBase"]
[SourceDate "2021.10.24"]
[SourceVersion "1"]
[SourceVersionDate "2021.10.24"]
[SourceQuality "1"]

1. e4 c5 2. f4 Nc6 3. Nc3 e6 4. Nf3 d6 5. d4 cxd4 6. Nxd4 Nxd4 7. Qxd4 Nf6 8. Be3 Be7 9. 0-0-0 0-0 10. Be2 Qc7 11. Rhg1 b6 12. Nb5 Qc6 13. Nxd6 Bxd6 14. Qxd6 Qxd6 15. Rxd6 Nxe4 16. Rd4 Bb7 17. a4 Rfc8 18. b3 h6 19. Kb2 Rc7 20. g3 Nc3 21. Rc4 Rxc4 22. Bxc4 Nd5 23. Bf2 f5 24. a5 bxa5 25. Ra1 g5 26. g4 fxg4 27. fxg5 hxg5 28. Rxa5 Kf7 29. Rxa7 Rxa7 30. Bxa7 Kf6 31. Bb5 Ne7 32. c4 Nf5 33. Bf2 1-0

[Event "FICGS rapid C 000225 email"]
[Site "FICGS email"]
[Date "2019.10.30"]
[Round "1"]
[White "Debonis, Patrick"]
[Black "Satonnet, Patrick"]
[Result "1/2-1/2"]
[WhiteElo "1800"]
[BlackElo "1896"]
[PlyCount "69"]
[EventDate "2019.??.??"]
[EventType "tourn (rapid)"]
[EventRounds "4"]
[SourceTitle "Corr 2022"]
[Source "ChessBase"]
[SourceDate "2021.10.24"]
[SourceVersion "1"]
[SourceVersionDate "2021.10.24"]
[SourceQuality "1"]

1. d4 f5 2. g3 Nf6 3. Bg2 g6 4. Nf3 Bg7 5. 0-0 0-0 6. c4 d6 7. Nc3 Qe8 8. b3 Na6 9. Bb2 c6 10. Re1 e5 11. e4 fxe4 12. dxe5 dxe5 13. Nxe4 Nxe4 14. Rxe4 Bf5 15. Rxe5 Bxe5 16. Nxe5 Rd8 17. Qc1 Qe7 18. h3 Nc5 19. Qc3 Qf6 20. Qe3 Nd7 21. g4 Rde8 22. f4 Nxe5 23. Bxe5 Bc8 24. Qxa7 Qd8 25. Qe3 g5 26. Rf1 Qa5 27. Qd4 gxf4 28. Bxf4 Re1 29. Bd2 Qe5 30. Qxe5 Rfxf1+ 31. Bxf1 Rxe5 32. Kf2 h5 33. Be2 hxg4 34. hxg4 Rxe2+ 35. Kxe2 1/2-1/2

[Event "FICGS rapid C 000225 email"]
[Site "FICGS email"]
[Date "2019.10.30"]
[Round "1"]
[White "Satonnet, Patrick"]
[Black "Trigance, Emile"]
[Result "1-0"]
[WhiteElo "1896"]
[BlackElo "1716"]
[PlyCount "43"]
[EventDate "2019.??.??"]
[EventType "tourn (rapid)"]
[EventRounds "4"]
[SourceTitle "Corr 2022"]
[Source "ChessBase"]
[SourceDate "2021.10.24"]
[SourceVersion "1"]
[SourceVersionDate "2021.10.24"]
[SourceQuality "1"]

1. e4 c5 2. f4 g6 3. Nf3 Bg7 4. Nc3 Nc6 5. Bb5 a6 6. Bxc6 dxc6 7. d3 Bg4 8. h3 Bxf3 9. Qxf3 e6 10. e5 Ne7 11. Ne4 Nf5 12. g4 Nd4 13. Qg2 Qh4+ 14. Kd1 Qe7 15. c3 Nb5 16. Be3 c4 17. dxc4 Rd8+ 18. Kc2 Nc7 19. Bc5 Qh4 20. Rad1 Bf8 21. Bf2 Qh6 22. Nf6+ 1-0

[Event "FICGS class C 000312 email"]
[Site "FICGS email"]
[Date "2019.10.28"]
[Round "1"]
[White "Pech, Jaroslav Sr"]
[Black "Satonnet, Patrick"]
[Result "0-1"]
[WhiteElo "1820"]
[BlackElo "1896"]
[PlyCount "48"]
[EventDate "2019.??.??"]
[EventType "tourn (corr)"]
[EventRounds "1"]
[SourceTitle "Corr 2022"]
[Source "ChessBase"]
[SourceDate "2021.10.24"]
[SourceVersion "1"]
[SourceVersionDate "2021.10.24"]
[SourceQuality "1"]

1. d4 f5 2. Nf3 Nf6 3. c4 e6 4. Nc3 Bb4 5. Qb3 c5 6. Bg5 0-0 7. e3 h6 8. Bxf6 Qxf6 9. Be2 Nc6 10. Rd1 d6 11. 0-0 Rd8 12. Qc2 Ba5 13. a3 Bd7 14. d5 Ne7 15. dxe6 Bxe6 16. Nb5 Bf7 17. Rb1 Bg6 18. b4 Bb6 19. Nc3 Rac8 20. Rfd1 f4 21. e4 cxb4 22. axb4 d5 23. c5 a5 24. Nxd5 Nxd5 0-1

[Event "FICGS rapid B 000328 email"]
[Site "FICGS email"]
[Date "2019.10.28"]
[Round "1"]
[White "Pech, Jaroslav Sr"]
[Black "Satonnet, Patrick"]
[Result "1/2-1/2"]
[WhiteElo "1820"]
[BlackElo "1896"]
[PlyCount "134"]
[EventDate "2019.??.??"]
[EventType "tourn (rapid)"]
[EventRounds "6"]
[SourceTitle "Corr 2022"]
[Source "ChessBase"]
[SourceDate "2021.10.24"]
[SourceVersion "1"]
[SourceVersionDate "2021.10.24"]
[SourceQuality "1"]

1. e4 c5 2. Nf3 Nc6 3. d4 cxd4 4. Nxd4 Nf6 5. Nc3 e5 6. Ndb5 d6 7. Bg5 a6 8. Na3 b5 9. Bxf6 gxf6 10. Nd5 f5 11. Bd3 Be6 12. 0-0 Bxd5 13. exd5 Ne7 14. c3 Bg7 15. Qh5 e4 16. Be2 0-0 17. Nc2 f4 18. Qg5 f5 19. Rfd1 f3 20. gxf3 Kh8 21. Kh1 Rg8 22. Qe3 exf3 23. Bxf3 Ng6 24. Nd4 Bxd4 25. Qxd4+ Ne5 26. Be2 Qf6 27. f3 Qg7 28. Qf2 Qh6 29. a4 bxa4 30. Rxa4 Rab8 31. Rh4 Qf6 32. Rb4 a5 33. Rxb8 Rxb8 34. Rb1 Ng6 35. Qa7 Rg8 36. Qe3 Qg7 37. Bf1 f4 38. Qf2 Ne5 39. Bh3 Qg6 40. Rd1 Rg7 41. Bf1 Qg5 42. Bd3 Qh5 43. Be2 Qf5 44. Bb5 Rg8 45. b3 Qc8 46. c4 Qb7 47. Ba4 Qg7 48. Rg1 Qxg1+ 49. Qxg1 Rxg1+ 50. Kxg1 Kg7 51. Kf2 Kf6 52. Ke2 Ke7 53. h3 h6 54. Kd2 Nxf3+ 55. Kd3 h5 56. c5 dxc5 57. Ke4 Ng5+ 58. Kxf4 Nxh3+ 59. Ke5 h4 60. d6+ Kd8 61. Kd5 Nf4+ 62. Kxc5 h3 63. Bc6 Ne2 64. b4 axb4 65. Kxb4 h2 66. Kc4 Ng3 67. Kd3 h1Q 1/2-1/2

[Event "FICGS rapid C 000224 email"]
[Site "FICGS email"]
[Date "2019.10.21"]
[Round "1"]
[White "Trigance, Emile"]
[Black "Satonnet, Patrick"]
[Result "0-1"]
[WhiteElo "1716"]
[BlackElo "1896"]
[PlyCount "68"]
[EventDate "2019.??.??"]
[EventType "tourn (rapid)"]
[EventRounds "4"]
[SourceTitle "Corr 2022"]
[Source "ChessBase"]
[SourceDate "2021.10.24"]
[SourceVersion "1"]
[SourceVersionDate "2021.10.24"]
[SourceQuality "1"]

1. b4 a5 2. b5 e5 3. Bb2 d6 4. g3 Nf6 5. Bg2 g6 6. c4 c6 7. Nc3 Bg7 8. d3 0-0 9. Nf3 Nbd7 10. a4 Nc5 11. 0-0 Qc7 12. Rc1 Re8 13. Qc2 Bf5 14. Nh4 Be6 15. e4 Rac8 16. Rb1 h6 17. Bc1 d5 18. exd5 cxd5 19. Nxd5 Bxd5 20. cxd5 Qd6 21. Qd1 Nxd5 22. Ba3 Nc3 23. Bxc5 Rxc5 24. Qb3 Nxb1 25. Rxb1 Re7 26. Be4 Kh8 27. g4 Qf6 28. Ng2 Qg5 29. h3 f5 30. gxf5 gxf5 31. Bf3 e4 32. Be2 Bd4 33. dxe4 Rg7 34. Bf1 Qf4 0-1

[Event "FICGS class C 000294 email"]
[Site "FICGS email"]
[Date "2018.12.22"]
[Round "1"]
[White "Satonnet, Patrick"]
[Black "Jozefini, Lubor"]
[Result "0-1"]
[WhiteElo "2076"]
[BlackElo "1881"]
[PlyCount "60"]
[EventDate "2018.??.??"]
[EventType "tourn (corr)"]
[EventRounds "1"]
[SourceTitle "Corr 2022"]
[Source "ChessBase"]
[SourceDate "2021.10.24"]
[SourceVersion "1"]
[SourceVersionDate "2021.10.24"]
[SourceQuality "1"]

1. e4 c5 2. f4 d5 3. Nc3 d4 4. Nce2 Nc6 5. d3 e5 6. f5 g6 7. Ng3 gxf5 8. Nxf5 Bxf5 9. exf5 Bh6 10. g3 Bxc1 11. Rxc1 Nge7 12. Bg2 Nxf5 13. Bxc6+ bxc6 14. Qh5 Qf6 15. Nf3 Qg6 16. Qxg6 hxg6 17. g4 Ne3 18. Nxe5 f6 19. Nxg6 Rg8 20. Nf4 Rxg4 21. Ne2 Kf7 22. Kf2 Rh8 23. h4 Rgxh4 24. Rxh4 Rxh4 25. Kg3 Nf5+ 26. Kf3 Rh2 27. Nf4 Ke7 28. a3 a5 29. c4 a4 30. Rb1 Kd6 0-1

[Event "FICGS class C 000262 email"]
[Site "FICGS email"]
[Date "2017.12.09"]
[Round "1"]
[White "Satonnet, Patrick"]
[Black "Duttagupta, Aniruddha"]
[Result "1-0"]
[WhiteElo "2004"]
[BlackElo "1869"]
[PlyCount "85"]
[EventDate "2017.??.??"]
[EventType "tourn (corr)"]
[EventRounds "1"]
[SourceTitle "Corr 2022"]
[Source "ChessBase"]
[SourceDate "2021.10.24"]
[SourceVersion "1"]
[SourceVersionDate "2021.10.24"]
[SourceQuality "1"]

1. e4 c5 2. f4 d5 3. Nc3 d4 4. Nce2 Nc6 5. Nf3 g6 6. d3 Nf6 7. h3 Bg7 8. g4 h5 9. g5 Nh7 10. Bg2 e5 11. f5 gxf5 12. exf5 Bxf5 13. Ng3 Be6 14. Qe2 Nf8 15. Nh4 Qd7 16. Ne4 Qc7 17. 0-0 Ne7 18. b4 cxb4 19. a3 Nfg6 20. Nxg6 Nxg6 21. axb4 Nh4 22. b5 Nxg2 23. Qxg2 Qd7 24. Ba3 Bd5 25. Bb4 Rg8 26. Kh2 b6 27. Ra3 Kd8 28. c4 dxc3 29. Qf2 Qe6 30. Rxc3 Rc8 31. Ra3 Rc7 32. Rfa1 Bf8 33. Bxf8 Rxf8 34. Rxa7 Re8 35. Qf6+ Ree7 36. Ra8+ Bxa8 37. Qh8+ Re8 38. Rxa8+ Rc8 39. Rxc8+ Kxc8 40. Qxe8+ Qxe8 41. Nd6+ Kd8 42. Nxe8 Kxe8 43. Kg3 1-0

[Event "FICGS class A 000182 email"]
[Site "FICGS email"]
[Date "2017.12.02"]
[Round "1"]
[White "Pandey, Manoj"]
[Black "Satonnet, Patrick"]
[Result "1/2-1/2"]
[WhiteElo "2111"]
[BlackElo "2004"]
[PlyCount "93"]
[EventDate "2017.??.??"]
[EventType "tourn (corr)"]
[EventRounds "6"]
[SourceTitle "Corr 2022"]
[Source "ChessBase"]
[SourceDate "2021.10.24"]
[SourceVersion "1"]
[SourceVersionDate "2021.10.24"]
[SourceQuality "1"]

1. e4 e6 2. d4 b6 3. Nf3 Bb7 4. Bd3 d5 5. exd5 Qxd5 6. 0-0 Nf6 7. c4 Qd8 8. Nc3 Be7 9. Qe2 0-0 10. Rd1 Nbd7 11. Ne5 c5 12. dxc5 Bxc5 13. Bg5 Qc8 14. Nxd7 Nxd7 15. Bxh7+ Kxh7 16. Qd3+ Kg8 17. Qxd7 Qxd7 18. Rxd7 Bc6 19. Rd3 a6 20. Be3 Bxe3 21. fxe3 Rfd8 22. Rd4 b5 23. Rxd8+ Rxd8 24. cxb5 axb5 25. Rd1 Rb8 26. Rd6 Be8 27. h4 b4 28. Ne4 e5 29. Kf2 Kf8 30. Kg3 Ra8 31. Rb6 Rxa2 32. Rxb4 Bc6 33. Nc3 Ra1 34. Rb6 Bd7 35. Rb7 Be6 36. b4 Ra3 37. Rc7 Rb3 38. b5 Ke8 39. Kf3 Rb4 40. Rc5 f6 41. e4 Kd7 42. Ke3 Rb2 43. Kd3 Kd8 44. h5 Bg4 45. Na4 Ra2 46. Nc3 Rb2 47. Nd5 1/2-1/2

[Event "FICGS class A 000182 email"]
[Site "FICGS email"]
[Date "2017.12.02"]
[Round "1"]
[White "Satonnet, Patrick"]
[Black "Mitrea, Sorin Ioachim"]
[Result "1/2-1/2"]
[WhiteElo "2004"]
[BlackElo "2048"]
[PlyCount "66"]
[EventDate "2017.??.??"]
[EventType "tourn (corr)"]
[EventRounds "6"]
[SourceTitle "Corr 2022"]
[Source "ChessBase"]
[SourceDate "2021.10.24"]
[SourceVersion "1"]
[SourceVersionDate "2021.10.24"]
[SourceQuality "1"]

1. e4 c5 2. f4 d5 3. Nc3 d4 4. Nce2 Nc6 5. d3 e5 6. Nf3 Bd6 7. g3 Nf6 8. Bg2 Be6 9. 0-0 0-0 10. f5 Bd7 11. h3 h6 12. g4 Rc8 13. Ng3 Be7 14. Rf2 Nh7 15. Bd2 Kh8 16. c4 Rg8 17. Qc1 Ng5 18. Nxg5 Bxg5 19. Bxg5 Qxg5 20. Qxg5 hxg5 21. f6 Be6 22. Nh5 gxf6 23. Nxf6 Rgd8 24. Nd5 Rd7 25. Nf6 Rd6 26. Kh2 Ne7 27. h4 gxh4 28. Bh3 Ng6 29. g5 Bxh3 30. Kxh3 Nf4+ 31. Kxh4 Nxd3 32. Rf5 Nxb2 33. Rh1 Kg7 1/2-1/2

[Event "FICGS class A 000182 email"]
[Site "FICGS email"]
[Date "2017.12.02"]
[Round "1"]
[White "Satonnet, Patrick"]
[Black "Sorbi, Luca"]
[Result "1/2-1/2"]
[WhiteElo "2004"]
[BlackElo "2028"]
[PlyCount "42"]
[EventDate "2017.??.??"]
[EventType "tourn (corr)"]
[EventRounds "6"]
[SourceTitle "Corr 2022"]
[Source "ChessBase"]
[SourceDate "2021.10.24"]
[SourceVersion "1"]
[SourceVersionDate "2021.10.24"]
[SourceQuality "1"]

1. e4 e5 2. Nf3 Nf6 3. Nxe5 d6 4. Nc4 Nxe4 5. d4 d5 6. Ne3 Qf6 7. Bb5+ c6 8. 0-0 cxb5 9. Nxd5 Qd6 10. Re1 Qxd5 11. Nc3 Qd8 12. Qf3 f5 13. Nxe4 fxe4 14. Rxe4+ Be7 15. Bg5 Nc6 16. Rae1 Rf8 17. Qh5+ Rf7 18. Qxh7 Bf5 19. Qg8+ Rf8 20. Rxe7+ Nxe7 21. Qxg7 Rf7 1/2-1/2